Preguntas de futbol nivel: medio - Estadísticas

Estadísticas generales
  • Esta prueba ha sido intentada 818 veces
    807 desde el último reinicio
  • La puntuación promedio es 9 de 15
Estadísticas de respuestas
Pregunta Respuesta % Correcto
¿Cuales son los colores que representan a River Plate? Blanco y rojo
87%
¿Como se le llama al gol que haces desde un tiro de esquina? Olimpico
75%
¿En cual club nunca jugo Zlatan Ibrahimovic? Atletico Madrid
73%
La mitica "Volea de Zidane", ¿Contra que equipo fue? Bayer Leverkusen
73%
¿En que 2 paises se inaugurò el mundial 2002? Corea del Sur y Japòn
68%
¿Cual es el apòdo de el Arsenal de inglaterra? The Gunners
62%
¿Cual es el apòdo de Karim Benzema El gato
61%
¿Cual fue el unico africano en ganar el balon de oro? George Weah
59%
Haaland metio 9 goles contra una selecciòn. ¿Cual era? Honduras
56%
¿Cuantas ligas tiene el Real Madrid? hasta la fecha 12/1/2025 36
53%
¿Cual de estos jugadores argentinos NO patio un penal contra francia en el mundial 2022? Lautaro Martinez
48%
¿Cual de estos jugadores nunca metio gol en final de champions? Olivier Giroud
47%
¿Cual es el màximo ganador de Premier Leagues? Ryan Giggs
42%
¿Que equipo gano la Champions en 1999? Manchester United
38%
¿Que equipo perdio la final de la Champions 2012 Bayern Munich
31%
No se encontraron pruebas coincidentes
Distribución de puntuación
Porcentaje de gente con cada puntuación
Porcentaje por número respondido
Historial de tus puntuaciones
No has intentado esta prueba desde el último reinicio